00629pam a2200193 a 4500020001500000082002600015100001700041245004000058260003100098300003200129500002000161526003700181526003700218526003700255650000800292650001500300856005500315856006500370 a047104365600a531bCHOcL-nust,p-261 aChow, Tai L.10aClassical mechanics /cTai L. Chow. aNew York :bWiley,cc1995. ax, 547 p. :bill. ;c26 cm. aIncludes index. a0b0c0d531_000000000000000_CHO a0b0c0d531_000000000000000_CHO a0b0c0d531_000000000000000_CHO 0aMCE 0aMechanics.4 uhttp://www.loc.gov/catdir/toc/onix01/94039839.html42uhttp://www.loc.gov/catdir/description/wiley031/94039839.html